Statistics for Odd Picture Out - Geography

Click here to take the quiz!

General Stats

  • This quiz has been taken 1,716 times
  • The average score is 24 of 32

Answer Stats

QuestionTileSelect?% Correct
of a "Wonder of the World"
99%
of London
98%
of the USA
98%
of a "Wonder of the World"
97%
of Europe
94%
of a "Wonder of the World"
92%
of a "Wonder of the World"
91%
of a capital city
89%
of a country starting with B
87%
of a country starting with B
87%
of a mountain in Asia
84%
a U.S. state flag
84%
of a country starting with B
83%
a U.S. state flag
83%
a U.S. state flag
80%
of the USA
80%
of a capital city
79%
of a capital city
78%
of London
76%
of a mountain in Asia
75%
of the USA
69%
of a mountain in Asia
69%
of London
68%
of Europe
64%
of a country starting with B
61%
of Europe
57%
of the USA
54%
a U.S. state flag
54%
of a capital city
50%
of London
48%
of a mountain in Asia
36%
of Europe
19%

Score Distribution

Percentile by Number Answered

Percent of People with Each Score

Your Score History

You have not taken this quiz